Statistics for Гастрономический тест

Click here to take the quiz!

General Stats

  • This quiz has been taken 113 times
    (90 since last reset)
  • The average score is 3 of 10

Answer Stats

ПодсказкаОтвет% Correct
Распространенное в Таиланде блюдо «Том Ям» — это?Суп
90%
Родина капучино?Италия
72%
К какой стране относится блюдо «Кайсэки»?Япония
57%
В какой стране вы обязательно попробуете сациви?Грузия
51%
Листья какого салата используются в классическом рецепте салата "Цезарь"?Романо
13%
Какой Российский регион называет себя родиной пельменей?Удмуртия
10%
Какая страна является родиной мясного блюда «Асадо»?Аргентина
6%
Что кладут в уху карелы?Сливки
5%
Какое традиционное восточное блюдо упоминается как лечебное средство, в трудах персидского врача Авиценны?Плов
5%
В какой стране вам приготовят суп «Спас»?Армения
2%

Score Distribution

Percentile by Number Answered

Percent of People with Each Score

Your Score History

You have not taken this quiz since the last reset